The english queen of scots / (Record no. 164705)

MARC details
000 -LEADER
fixed length control field 00559nam a2200193 4500
005 - DATE AND TIME OF LATEST TRANSACTION
control field 20190524153150.0
010 ## - LCCN (DPL NO)
LC control number ENG-125299
020 ## - INTERNATIONAL STANDARD BOOK NUMBER
International Standard Book Number 9788184620986
Terms of availability 250.00
035 ## - SYSTEM CONTROL NUMBER
System control number EN-108831
037 ## - SOURCE OF ACQUISITION
Source of stock number/acquisition DBAD/PUB
082 ## - DEWEY DECIMAL CLASSIFICATION NUMBER
Classification number N
100 ## - MAIN ENTRY--PERSONAL NAME
Personal name Kaushik, Shreya
245 ## - TITLE STATEMENT
Title The english queen of scots /
Statement of responsibility, etc by Shreya Kaushik
260 ## - PUBLICATION, DISTRIBUTION, ETC. (IMPRINT)
Place of publication, distribution, etc Mumbai
Name of publisher, distributor, etc I'mprint!
Date of publication, distribution, etc 2014
270 ## - ADDRESS
Address Industry Manor, Appasaheb Marathe Marg, Prabhadevi
City Mumbai
Postal code 400025
300 ## - PHYSICAL DESCRIPTION
Extent 219p.
Dimensions 22cm(Hb)
500 ## - GENERAL NOTE
General note Includes bibliographical references
942 ## - ADDED ENTRY ELEMENTS (KOHA)
Source of classification or shelving scheme Dewey Decimal Classification
Item type English Books
Classification part N
Call number suffix KAU
Holdings
Withdrawn status Lost status Not for loan Collection code Home library Current library Date acquired Source of acquisition Cost, normal purchase price Full call number Barcode Copy number Cost, replacement price Koha item type
      Fiction Central Library Central Library 24/05/2019 DBAD/PUB 250.00 N EN-108831 1 250.00 English Books

© Delhi Public Library
Hit Counter
free hit counter